Experimentálne metódy jadrovej fyziky 2 /

Guardado en:
Detalles Bibliográficos
Autor principal: Sitek, Jozef, 1944- (Autor)
Formato: Libro
Lenguaje:eslovaco
Publicado: Bratislava : STU v Bratislave, 1983
Edición:1.vyd.
Etiquetas: Agregar Etiqueta
Sin Etiquetas, Sea el primero en etiquetar este registro!

MARC

LEADER 00000nam a22000003a 4500
001 stu6311
005 20150617225808.1
008 940722s1983----cs------------------slo-d
040 |a STU  |b slo 
041 0 |a slo 
044 |a cs 
100 1 |a Sitek, Jozef,  |d 1944-  |4 aut  |u E060  |U FEI Fakulta elektrotechniky a informatiky  |T FEI Ústav jadrového a fyzikálneho inžinierstva  |X 2105  |U E060  |Y 817  |7 A000002105 
245 1 |a Experimentálne metódy jadrovej fyziky 2 /  |c [aut.] Sitek,Jozef 
250 |a 1.vyd. 
260 |a Bratislava :  |b STU v Bratislave,  |c 1983 
300 |a 190 s 
996 |b 284ES23838  |c E*S-16770  |l EE01  |s A  |a 24  |w stu6311_0002 
996 |b 284ES13245  |c E*S-16771  |l EE01  |s A  |a 24  |w stu6311_0003 
996 |b 284ES10793  |c E*S-16772  |l EE01  |s A  |a 24  |w stu6311_0004 
996 |b 284ES10795  |c E*S-16767  |l EE01  |s A  |a 24  |w stu6311_0005 
996 |b 284ES10794  |c E*S-16769  |l EE01  |s A  |a 24  |w stu6311_0006 
996 |b 284EK08875  |c E*50910  |l EE0105  |s P  |a 0  |w stu6311_0007